[Event "Porto district-ch U16"]
[Site "Porto"]
[Date "2004.02.22"]
[Round "4"]
[White "Gomes, Estevao Manuel Da"]
[Black "Leite Oliveira, Eduardo"]
[Result "0-1"]
[WhiteElo "1801"]
[BlackElo "1801"]
[PlyCount "110"]
[EventDate "2004.02.??"]
[EventType "tourn"]
[EventRounds "9"]
[EventCountry "POR"]
[SourceTitle "EXT 2005"]
[Source "ChessBase"]
[SourceDate "2004.11.15"]
[SourceVersion "1"]
[SourceVersionDate "2004.11.15"]
[SourceQuality "1"]

1. e4 e5 2. Nf3 Nc6 3. Bc4 Bc5 4. b4 Bxb4 5. c3 Ba5 6. d4 exd4 7. 0-0 d3 8. Ba3 d6 9. Qb3 Qd7 10. e5 Nd8 11. exd6 cxd6 12. Bb5 Nc6 13. Qd5 Bc7 14. Re1+ Nge7 15. Qxd3 0-0 16. Nbd2 a6 17. Ba4 b5 18. Bc2 Qf5 19. Ne4 Rd8 20. Rad1 Qg6 21. Ng3 Qxd3 22. Bxd3 Bg4 23. h3 Bxf3 24. gxf3 Ng6 25. Be4 Nge7 26. Nf5 Nxf5 27. Bxf5 Ne5 28. Be4 Rab8 29. Bd5 Ng6 30. Bc1 Kf8 31. Bc6 Ba5 32. Bb2 Ne5 33. Be4 Rbc8 34. Kg2 Bxc3 35. Bxc3 Rxc3 36. Bb7 Nd3 37. Re3 Rc7 38. Bxa6 Nb4 39. Bxb5 Nxa2 40. Red3 Nc3 41. Ba6 Nxd1 42. Rxd1 Rc6 43. Bb5 Rb6 44. Bc4 Re8 45. Bd5 Re2 46. Rc1 Rbb2 47. Rc8+ Ke7 48. Rc7+ Kf6 49. Rxf7+ Ke5 50. Be4 Rxf2+ 51. Kg3 Rg2+ 52. Kh4 Ke6 53. Rf8 Rb4 54. Kh5 Rb5+ 55. Kh4 g6 0-1